000 00686nam a22001937a 4500
999 _c166661
_d166661
005 20190802114109.0
010 _aUR-10329
020 _c80.00
_a9789388736374
035 _aU-8884
037 _bDBAD/PUB
082 _a841
100 _aعبد ا لمنا ن طر ز ی
245 _aشبنمی لمس کے بعد
_cعبد ا لمنا ن طر ز ی
246 _bNovel: Shabnami Lams ke Baad (Urdu)
_aby Abdul Manan Tarzi
260 _aDelhi
_bEducational Publishing House
_c2018 ء
270 _a3191,Vakil Street,Kucha Pandit,Lal Kuan,
_bDelhi
_e110006
_k23214465
_l00911123211540
300 _a64 ص
_c22 Cm(Hb)
942 _2ddc
_cUR
_h841
_mع ب د